Languages of Ethiopia on a Map - Statistics

General Stats
  • This quiz has been taken 226 times
  • The average score is 6 of 13
Answers on the Map
Answers color-coded by a green-red scale on the quiz's map according to % correct below.
 
Answer Stats
Language Speakers % Correct
Amharic 31,800,000
97%
Somali 6,720,000
95%
Tigrinya 6,390,000
90%
Oromo 36,000,000
88%
Afar 1,840,000
75%
Sidamo 4,340,000
31%
Wolaytta 2,380,000
20%
Gurage 2,170,000
17%
Hadiyya 1,300,000
11%
Gamo 1,600,000
10%
Gedeo 1,400,000
10%
Silt'e 880,000
10%
Kafa 830,000
8%
No matching quizzes found
Score Distribution
Percent of People with Each Score
Percentile by Number Answered
Your Score History
You have not taken this quiz